| 000 | 00926nam a22002297a 4500 | ||
|---|---|---|---|
| 005 | 2010080209009.0 | ||
| 010 | _aENG-97703 | ||
| 020 |
_a9788178311616 _c1000.00 |
||
| 035 | _a338.954 | ||
| 037 | _bDBAD/PUB | ||
| 082 | _a338.954 | ||
| 245 |
_aIndia in a globalizing era : _bmultidisciplinary perspectives / _cedited by Subhendu Rajan Raj [and] Mahendra Pratap Singh |
||
| 260 |
_aNew Delhi _bManak Publications _c2009 |
||
| 270 |
_aB-7, Saraswati Complex, Subhash Chowk, Laxmi Nagar _bNew Delhi _e110092 |
||
| 300 |
_axxxiv,374p. _c22cm (Hb) |
||
| 500 | _aIncludes index | ||
| 650 |
_a Globalization _xEconomic aspects _zIndia _94533 |
||
| 700 |
_aRaj, Subhendu Ranjan _94534 |
||
| 700 |
_aSingh, Mahendra Prasad _94535 |
||
| 942 |
_2ddc _cEN _h338.954 _mIND |
||
| 999 |
_c38781 _d38781 |
||